00419nam a2200145 a 450000500170000000800410001702000180005805000180007610000160009424500840011026000270019430000100022144000300023165000120026120140412111240.0001116s19uu xx 00 eng d a0-7214-0891-5 aERbHe34 1985 aMurdock, Hy aHere we go round the Mulberry bush /cHy Murdock; illustrated by Chris Russell. aUK :bLadybird,c1985. a43 p. aRead It Yourself, Level 1 aReading